Normal view
MARC view
Entry Personal Name
001 - CONTROL NUMBER
- control field: 9211
003 - CONTROL NUMBER IDENTIFIER
- control field: ARRUPE
005 - DATE AND TIME OF LATEST TRANSACTION
- control field: 20140320143628.0
008 - FIXED-LENGTH DATA ELEMENTS
- fixed length control field: 140320|| aca||aabn | a|a d
040 ## - CATALOGING SOURCE
- Original cataloging agency: ARRUPE
- Transcribing agency: ARRUPE
100 ## - HEADING--PERSONAL NAME
- Personal name: Swan, Robert McNair Wilson,
- Dates associated with a name: 1858-1904. [from old catalog]
670 ## - SOURCE DATA FOUND
- Source citation: Work cat.: (ARRUPE)0: Bent, J. Theodore (James Theodore), 1852-1897. 9208, The ruined cities of Mashonaland;, 1892.